000 01131nab a22002177a 4500
999 _c5567
_d5567
003 OSt
005 20251218101615.0
008 190429b xxu||||| |||| 00| 0 spa d
040 _cPJ
245 1 0 _aPresentación de la sección neuroderechos y derechos humanos /
_cJosé Angel Marinaro.
260 _cCiudad Autónoma de Buenos Aires :
_aThomson Reuters La Ley,
_b2025.
300 _ap. 257-263
500 _aCita: TR LALEY AR/DOC/400/2025.
505 _aSumario: I. Hacia nuevos derechos humanos en la era de la Neurociencia y la Neurotecnología.— II. Hacemos un poco de historia.— III. Conflictos éticos y derechos humanos.— IV. La prueba neurocientífica en los Tribunales.— V. Neuropredicción y tratamiento penitenciario.
505 _tSi te interesa el texto completo, solicitalo a koha@justierradelfuego.gov.ar
650 0 _9343
_aDERECHO PENAL
650 0 _9614
_aDERECHOS HUMANOS
650 0 _96081
_aCIENCIA Y TECNOLOGÍA
773 0 _02658
_93164
_tRevista de derecho penal y criminología. Nº 3 - Abril 2025
_dCiudad Autónoma de Buenos Aires : Thomson Reuters La Ley, 2017-
_x00347914
942 _2udc
_cANA